Normal view MARC view
  • Supervisor: Dr. Iftikhar Ahmed Rana

Entry Personal Name

Number of records used in: 1

001 - CONTROL NUMBER

  • control field: 97099

003 - CONTROL NUMBER IDENTIFIER

  • control field: NUST

005 - DATE AND TIME OF LATEST TRANSACTION

  • control field: 20220815095903.0

008 - FIXED-LENGTH DATA ELEMENTS

  • fixed length control field: 220815|| aca||aabn | a|a d

040 ## - CATALOGING SOURCE

  • Original cataloging agency: NUST
  • Transcribing agency: NUST

100 ## - HEADING--PERSONAL NAME

  • Personal name: Supervisor: Dr. Iftikhar Ahmed Rana

670 ## - SOURCE DATA FOUND

  • Source citation: Work cat.: (NUST): Abbas, Asad 27766, Barrier function-based Adaptive Terminal Sliding Mode Control of Plug-in Hybrid Electric Vehicle with Saturated Control Actions /
© 2023 Central Library, National University of Sciences and Technology. All Rights Reserved.